| 000 | 01418cam a2200397 a 4500 | ||
|---|---|---|---|
| 001 | 15827749 | ||
| 003 | OSt | ||
| 005 | 20140310184353.0 | ||
| 008 | 090721s2010 nyua j 001 0ceng | ||
| 010 | _a 2009030214 | ||
| 020 | _a9780531237304 (reinforced bdg.) | ||
| 020 | _a0531223515 | ||
| 020 | _a9780531223512 | ||
| 035 | _a(OCoLC)ocn427704558 | ||
| 040 |
_aDLC _cDLC _dIG# _dDLC |
||
| 042 | _alcac | ||
| 043 | _an-us--- | ||
| 050 | 0 | 0 |
_aQA 76.2.A2 _b.V465 2010 |
| 100 | 1 |
_aVenezia, Mike. _924604 |
|
| 245 | 1 | 0 |
_aSteve Jobs & Steve Wozniak : _bgeek heroes who put the personal in computers / _cwritten and illustrated by Mike Venezia. |
| 246 | 3 | _aSteve Jobs and Steve Wozniak | |
| 260 |
_aNew York : _bScholastic Inc., _c2010. |
||
| 300 |
_a32 p. : _bill. (some col.) ; _c25 cm. |
||
| 490 | 1 | _aGetting to know the world's greatest inventors & scientists | |
| 521 | 1 | _aG8 | |
| 526 | _c940 | ||
| 650 | 0 |
_aComputer engineers _zUnited States _vBiography _vJuvenile literature. _925389 |
|
| 650 | 1 |
_aComputer engineers. _925390 |
|
| 800 | 1 |
_aVenezia, Mike. _tGetting to know the world's greatest inventors & scientists. _925391 |
|
| 906 |
_a7 _bcbc _corignew _d1 _eecip _f20 _gy-gencatlg |
||
| 942 |
_2lcc _cBK-SCHOLAS |
||
| 999 |
_c33979 _d33979 |
||